[Event "Zaragoza Artistica op"]
[Site "Zaragoza"]
[Date "2013.05.12"]
[Round "8"]
[White "Martinez Martinez, Daniel"]
[Black "Urgel Varela, Fernando"]
[Result "0-1"]
[WhiteElo "1520"]
[BlackElo "1836"]
[PlyCount "39"]
[EventDate "2013.04.13"]
[EventType "swiss"]
[EventRounds "9"]
[EventCountry "ESP"]
[SourceTitle "CBM 154 Extra"]
[Source "ChessBase"]
[SourceDate "2013.06.25"]
[SourceVersion "2"]
[SourceVersionDate "2013.06.25"]
[SourceQuality "1"]

1. e4 c5 2. c4 Nc6 3. Nf3 e6 4. g3 d5 5. exd5 exd5 6. d4 Bg4 7. dxc5 dxc4 8. Qxd8+ Rxd8 9. Nfd2 Nd4 10. Na3 Nf3+ 11. Nxf3 Bxf3 12. Be2 Bxh1 13. Be3 Bc6 14. Bxc4 Nf6 15. Nb5 Nd5 16. Bxd5 Bxd5 17. Nc7+ Ke7 18. b4 g6 19. a4 Bg7 20. Rc1 0-1